| 000 | 00429nam a22001697a 4500 | ||
|---|---|---|---|
| 003 | CEME | ||
| 005 | 20210628203725.0 | ||
| 008 | 210415b xxu||||| |||| 00| 0 eng d | ||
| 020 | _a0-88022-854-7 | ||
| 040 | _c. | ||
| 082 | _a005.42 HAR'E | ||
| 100 |
_aO'hara, Shelly , Hara, Shelly O _967030 |
||
| 245 | _aEasy dos , disk operating system version 5.0 | ||
| 260 |
_aUSA _bQUE _c1992 |
||
| 300 | _aIX, 198P | ||
| 942 |
_cBK _2ddc |
||
| 999 |
_c574887 _d574887 |
||